000 01065nam a2200253Ia 4500
001 18080
003 GE_BSU
008 181216s||||||||xx |||||||||||||| ||und||
020 _a9994025686
040 _cGE_BSU
080 _a811.353.1
100 _aახვლედიანი, დიანა
245 _aჩართული სიტყვები და გამოთქმები ახალ ქართულ სალიტერატურო ენაში
245 _cრეე. ვ.იმნაიშვილი
260 _aბათუმი
260 _bბათუმის უნ-ტი
260 _c2006
300 _a139გვ.21სმ.
300 _eბიბლიოგრ. გვ.127-129. გამოყენ. ტექსტი გვ.130-131
520 _aრეზ. რუს. ენ.
541 _h6ლ.
653 _aჩართული სიტყვები და გამოთქმები ახალ ქართულ სალიტერატურო ენაში
942 _cBK
999 _c51123
_d51123